Music Quiz

Random Music or Singers Quiz

60 Second: Pop Song Sort Quiz Stats

 Plays Quiz Updated Sep 12, 2018

Score 0/10 Timer 01:00
36 Plays Today
% Correct
Katy Perry
90.3%
Taylor Swift
82.7%
Justin Bieber
77.5%
Rihanna
76.2%
Bruno Mars
75.5%
Ed Sheeran
73.5%
Kelly Clarkson
70.6%
Lady Gaga
70.6%
One Direction
67.7%
Justin Timberlake
65.9%

You're not logged in!

Compare scores with friends on all Sporcle quizzes.
OR
Log In

Show Comments

Extras

Top Quizzes Today


Score Distribution

Your Account Isn't Verified!

In order to create a playlist on Sporcle, you need to verify the email address you used during registration. Go to your Sporcle Settings to finish the process.

Report this User

Report this user for behavior that violates our Community Guidelines.

Details: